Top 20 artilheiros do Brasileirão 2025 - Statistics

Estatísticas Gerais
  • Esse quiz foi jogado 104 vezes
  • A pontuação média é 15 de 20
Estatísticas das Respostas
Gols Jogador Time % Correto
18 Giorgian de Arrascaeta Flamengo
99%
21 Kaio Jorge Cruzeiro
98%
12 Pedro Flamengo
96%
12 Flaco López Palmeiras
90%
16 Vitor Roque Palmeiras
90%
14 Pablo Vegetti Vasco da Gama
88%
10 Yuri Alberto Corinthians
88%
8 Hulk Atlético-MG
86%
14 Rayan Vasco da Gama
84%
9 Luciano São Paulo
78%
13 Reinaldo Mirassol
78%
11 Alan Patrick Internacional
75%
8 Matheus Pereira Cruzeiro
73%
11 Pedro Raúl Ceará
73%
12 Carlos Vinícius Grêmio
68%
11 Willian José Bahia
53%
9 Álvaro Barreal Santos
51%
10 Jhon Jhon Bragantino
49%
9 Renato Kayzer Vitória
36%
8 Gabriel Taliari Juventude
33%
Nenhum quiz correspondente encontrado
Distribuição das Pontuações
Porcentagem de Pessoas com Cada Pontuação
Percentil de Números Respondidos
Sua Pontuação Histórica
Você não jogou esse quiz